| 000 | 00602nam a2200229Ia 4500 | ||
|---|---|---|---|
| 003 | 0100 | ||
| 008 | 130307s9999 xx 000 0 und d | ||
| 040 | _cARRUPELIB | ||
| 050 | _aJA36.E25 1960 | ||
| 100 | _aEbenstein, William | ||
| 245 | _aGreat political thinkers | ||
| 245 | _bPlato to the present | ||
| 250 | _a3rd ed. | ||
| 260 | _aNew York | ||
| 260 | _bHolt, Rinehart & Winston | ||
| 260 | _c1960 | ||
| 300 | _a978p. | ||
| 300 | _b23 cm | ||
| 650 | _aPOLITICAL SCIENCE | ||
| 650 | _bMartin, Louis Joseph Aloys Stanislaus - Martin, Z?lie Marie - Th?rese of Lisieux, St | ||
| 942 | 0 | 0 | _08 |
| 999 |
_c99864 _d99864 |
||